[Event "Olympiad-44"]
[Site "Chennai"]
[Date "2022.07.29"]
[Round "1.4"]
[White "Zhakshylykov, Erzhan"]
[Black "Da Conceicao, Marcos"]
[Result "1-0"]
[WhiteElo "2332"]
[BlackElo "1713"]
[PlyCount "75"]
[EventDate "2022.07.29"]
[EventType "team-swiss"]
[EventRounds "11"]
[EventCountry "IND"]
[SourceTitle "CBM 210"]
[Source "ChessBase"]
[SourceDate "2022.10.31"]
[SourceVersion "1"]
[SourceVersionDate "2022.10.31"]
[SourceQuality "1"]
[WhiteTeam "Kyrgyzstan"]
[BlackTeam "Timor Leste"]
[WhiteTeamCountry "KGZ"]

1. d4 c6 2. c4 e6 3. Nc3 Nf6 4. e4 d6 5. Nf3 Be7 6. Bd3 Nbd7 7. Bf4 Nh5 8. Be3 Nhf6 9. h3 h6 10. e5 Nh7 11. h4 d5 12. cxd5 exd5 13. Ne2 Ndf8 14. Ng3 Be6 15. Qc2 Qd7 16. Nh5 g6 17. Ng7+ Kd8 18. Bxh6 Kc7 19. h5 Bg4 20. Bf4 Ne6 21. Nxe6+ Qxe6 22. hxg6 Bxf3 23. gxf3 Ng5 24. 0-0-0 fxg6 25. Bxg6 Rhf8 26. Be3 Nxf3 27. Rh7 Rad8 28. Bh5 Kb8 29. Qg6 Qxg6 30. Bxg6 Bg5 31. e6 Bxe3+ 32. fxe3 Rfe8 33. e7 Rc8 34. Bxe8 Rxe8 35. Rf1 Ng5 36. Rf8 Nxh7 37. Rxe8+ Kc7 38. Rc8+ 1-0

[Event "KGZ-ch"]
[Site "Bishkek"]
[Date "2022.05.10"]
[Round "11"]
[White "Zhakshylykov, Erzhan"]
[Black "Tologontegin, Semetey"]
[Result "1/2-1/2"]
[WhiteElo "2343"]
[BlackElo "2363"]
[PlyCount "48"]
[EventDate "2022.04.30"]
[EventType "swiss"]
[EventRounds "11"]
[EventCountry "KGZ"]
[SourceTitle "EXT 2023"]
[Source "ChessBase"]
[SourceDate "2022.10.05"]
[SourceVersion "1"]
[SourceVersionDate "2022.10.05"]
[SourceQuality "1"]

1. d4 Nf6 2. c4 e6 3. Nc3 Bb4 4. Qc2 0-0 5. a3 Bxc3+ 6. Qxc3 b6 7. Bg5 c5 8. dxc5 bxc5 9. e3 d6 10. Bd3 Nbd7 11. Ne2 Rb8 12. 0-0 h6 13. Bh4 Ne4 14. Bxd8 Nxc3 15. Be7 Nxe2+ 16. Bxe2 Re8 17. Bxd6 Rxb2 18. Bf3 Bb7 19. Bxb7 Rxb7 20. Rab1 Rxb1 21. Rxb1 Rc8 22. Rb7 Nb6 23. Rb8 Rxb8 24. Bxb8 Nxc4 1/2-1/2

[Event "KGZ-ch"]
[Site "Bishkek"]
[Date "2022.05.09"]
[Round "10"]
[White "Sezdbekov, Ruslan"]
[Black "Zhakshylykov, Erzhan"]
[Result "0-1"]
[WhiteElo "2232"]
[BlackElo "2343"]
[PlyCount "148"]
[EventDate "2022.04.30"]
[EventType "swiss"]
[EventRounds "11"]
[EventCountry "KGZ"]
[SourceTitle "EXT 2023"]
[Source "ChessBase"]
[SourceDate "2022.10.05"]
[SourceVersion "1"]
[SourceVersionDate "2022.10.05"]
[SourceQuality "1"]

1. e4 e5 2. Nf3 Nc6 3. Bc4 Bc5 4. c3 Nf6 5. d3 d6 6. Nbd2 a5 7. 0-0 0-0 8. Re1 Ba7 9. Nf1 h6 10. Ng3 Ne7 11. Be3 Bxe3 12. Rxe3 Ng6 13. d4 c6 14. Bb3 Qb6 15. Qd2 a4 16. Bc4 d5 17. Bd3 exd4 18. Nxd4 c5 19. Nf3 dxe4 20. Nxe4 Nd5 21. Ree1 Bg4 22. Bc4 Ndf4 23. Qd6 Qxd6 24. Nxd6 Bxf3 25. gxf3 Rad8 26. Rad1 Nh4 27. Nxb7 Nxf3+ 28. Kh1 Rb8 29. Re7 Ng6 30. Rc7 Nfe5 31. Bd5 Rfc8 32. Rxc8+ Rxc8 33. Be4 Nf4 34. Nxc5 g5 35. Nd7 Nxd7 36. Rxd7 a3 37. bxa3 Rxc3 38. Rd1 Rxa3 39. Rd2 Kg7 40. f3 g4 41. Rf2 Nh3 42. Rg2 Kf6 43. Bb7 Rd3 44. Rxg4 Nf2+ 45. Kg2 Nxg4 46. fxg4 Rd2+ 47. Kg3 Rxa2 48. Bc8 Kg5 49. Bb7 Ra3+ 50. Bf3 h5 51. h4+ Kg6 52. gxh5+ Kf5 53. Kg2 Kf4 54. Bd5 Rg3+ 55. Kh2 Rg7 56. Kh3 Rh7 57. Bc4 f5 58. Be2 Ke4 59. Bd1 Ke3 60. Kg3 Rg7+ 61. Kh3 Rh7 62. Kg3 Rh8 63. Kh3 Kf2 64. Kh2 f4 65. Kh3 Rg8 66. Ba4 f3 67. Bc6 Ke2 68. Bd5 f2 69. Bc4+ Kf3 70. h6 Rg3+ 71. Kh2 Rg4 72. Bd5+ Ke3 73. Kh3 f1Q+ 74. Kxg4 Qf4+ 0-1

[Event "KGZ-ch"]
[Site "Bishkek"]
[Date "2022.05.05"]
[Round "6"]
[White "Zhakshylykov, Erzhan"]
[Black "Isirailov, Nurgazy"]
[Result "1-0"]
[WhiteElo "2343"]
[BlackElo "1728"]
[PlyCount "61"]
[EventDate "2022.04.30"]
[EventType "swiss"]
[EventRounds "11"]
[EventCountry "KGZ"]
[SourceTitle "EXT 2023"]
[Source "ChessBase"]
[SourceDate "2022.10.05"]
[SourceVersion "1"]
[SourceVersionDate "2022.10.05"]
[SourceQuality "1"]

1. d4 Nf6 2. c4 g6 3. Nf3 Bg7 4. g3 0-0 5. Bg2 d6 6. 0-0 Nbd7 7. Nc3 e5 8. e4 exd4 9. Nxd4 Nc5 10. h3 Re8 11. Re1 c6 12. Bf4 Nh5 13. Be3 Nf6 14. Qc2 a5 15. b3 Qe7 16. f3 Bd7 17. Rad1 Rad8 18. Bf2 Bc8 19. f4 h5 20. e5 dxe5 21. Rxe5 Qf8 22. Nxc6 Rxd1+ 23. Qxd1 Nfd7 24. Rxe8 Qxe8 25. Nd4 Nf6 26. Ndb5 Bf8 27. Nd6 Bxd6 28. Qxd6 Ncd7 29. Kh2 Nh7 30. Nd5 Nhf8 31. Qe7 1-0